000 00531nam a2200181Ia 4500
005 20250326141717.0
008 250326s9999 xx 000 0 und d
037 _aTextbook
040 _aFMSL
_beng
_cFMSL
041 _aeng
_2eng
084 _aX.41 M9
_qFMSL
100 _aSwamy Subramanian
245 0 _aEconomics growth in China and India: Perspectives by comperision
_cSwamy Subramanian
260 _aNew Delhi
_bNew Delhi, Vikas
_c1989
300 _a173p
942 _cTB
_hX.41 M9
999 _c1291604
_d1291604